000 00518nam a2200217Ia 4500
003 0100
008 130307s9999 xx 000 0 und d
040 _cARRUPELIB
050 _aB398.K7B3 1965
100 _aBallard, Edward G
245 _aSocratic ignorance
245 _ban essay on Platonic self-knowledge
260 _aThe Hague
260 _bMartinus Nijhoff
260 _c1965
300 _a189p.
300 _b24cm.
650 _aPHILOSOPHY
650 _bEurope-History-18th century
942 0 0 _01
999 _c100392
_d100392